000 00914nas a2200277 4500
001 BR8707310
003 BR-BrBNA
005 20231205090921.0
007 ta
008 230509b bl.|||p| |||| 00| 00por d
040 _aBR-BrBNA
_bpor
_cBiblioteca Nacional de Agricultura
041 _a(Pt)
072 _aL01; L02
100 1 _aAlvim, M.J.
100 1 _aGardner, A.L.
100 1 _aCoser, A.C.
245 1 _aProducao de leite em pastagem de azevem (Lolium multiflorum Lam.)submetida a diferentes periodos de pastejo
246 1 _aMilk production in a Italian Ryegrass pasture under different grazing periods
650 _aPRODUCAO LEITEIRA
650 _aVACA
650 _aAZEVEM
650 _aPASTEJO
773 0 _tRevista da Sociedade Brasileira de Zootecnia (Brazil)
_xISSN 0100-4859
_g(1986), v. 15(5) p. 425-431
_wBR8707310
909 _a202311
_bLúcia
_c55
_dLúcia Elande
942 _2AGRIS
_n0
_cANA
999 _c121628
_d121628